Novel processing agents for silica-filled rubber (Record no. 64110)
[ view plain ]
| 000 -LEADER | |
|---|---|
| fixed length control field | 00387nam a2200157Ia 4500 |
| 100 ## - MAIN ENTRY--AUTHOR NAME | |
| Personal name | Ishikawa K |
| 245 #0 - TITLE STATEMENT | |
| Title | Novel processing agents for silica-filled rubber |
| 260 ## - PUBLICATION, DISTRIBUTION, ETC. (IMPRINT) | |
| Name of publisher | Rubber World |
| Year of publication | 1998 |
| 300 ## - PHYSICAL DESCRIPTION | |
| Number of Pages | 26-29 |
| 500 ## - GENERAL NOTE | |
| General note | Source Year: 1998 |
| 700 ## - ADDED ENTRY--PERSONAL NAME | |
| Personal name | Kaidou H |
| 700 ## - ADDED ENTRY--PERSONAL NAME | |
| Personal name | Yatsuyanagi F |
| 856 ## - ELECTRONIC LOCATION AND ACCESS | |
| Uniform Resource Identifier | IRRDB |
| 942 ## - ADDED ENTRY ELEMENTS (KOHA) | |
| Koha item type | Journals |
| Withdrawn status | Lost status | Damaged status | Not for loan | Home library | Current library | Shelving location | Date acquired | Serial Enumeration / chronology | Koha item type |
|---|---|---|---|---|---|---|---|---|---|
| Journals | RRII Library | RRII Library | Rubber chemistry | 01/01/2021 | Volume 218, Issue 5 | Journals |